000 00392nam a2200157Ia 4500
003 Ost
005 20260225132558.0
008 260225s9999||||xx |||||||||||||| ||und||
040 _cfsic
041 _afre
082 _a302.23
100 _aAbdel ghani megherbi
_eAuteur
245 0 _ale monde musulman dela naissance a la renaissance /
245 0 _cAbdel ghani megherbi
942 _cكتاب
999 _c34594
_d34594